| 000 | 00408nam a2200157 a 4500 | ||
|---|---|---|---|
| 001 | 11739 | ||
| 005 | 20180713195936.0 | ||
| 008 | 140415s1988 000 0 spa d | ||
| 041 | _aspa | ||
| 082 |
_a634.97 _bLES |
||
| 100 | 1 | _aLESNIEWICZ, PAUL | |
| 245 | 1 | 0 |
_aBONSAI : _bARBOLES EN MINIATURA |
| 260 |
_a[s.l.] : _bREVERTE, _c1988 |
||
| 300 | _a201 | ||
| 650 | 1 | 4 |
_aARBOLES _xMINIATURA _xBONSAI |
| 999 |
_c11739 _d11739 |
||